000
00322nam a22001337a 4500
008
180226b xxu||||| |||| 00| 0 eng d
020
_a
9781557663511
041
_a
eng
080
_a
37
100
_a
25
101
_a
EDU
245
_a
AN ACTIVITY BASED APPROACH TO EAR5LY INTERVENTION
_c
DIANE.B
942
_2
udc
_c
BK
999
_c
43496
_d
43496